000 00257nam a22001097a 4500
008 170125b xxu||||| |||| 00| 0 eng d
020 _a9780071776363
041 _aeng
080 _a618.2
245 _aFIRST AID FOR THE USMLE STEP1
_cLE, TAO
942 _2udc
_cBK
999 _c3588
_d3588